000 00734nam a2200145Ia 4500
008 100122s9999 xx 000 0 und d
082 _b48004
_a920
100 _aवागळे वि ह
245 _aकाटेरी फुलोरा (निवृत्त पोलिस अधिकाऱ्याचे आत्मकथन)
260 _bपुष्पक प्रकाशन
_c1993
300 _a271
630 _aकाटेरी फुलोरा (निवृत्त पोलिस अधिकाऱ्याचे आत्मकथन)
730 _aकाटेरी फुलोरा (निवृत्त पोलिस अधिकाऱ्याचे आत्मकथन)
942 _cBOOK
999 _c426726
_d426723